Value-creating global citizenship education : engaging Gandhi, Makiguchi, and Ikeda as examples /

Bibliographic Details
Main Author: Sharma, Namrata, 1972- (Author)
Corporate Author: EBSCOhost
Format: eBook
Language:English
Published: Cham, Switzerland : Palgrave Macmillan, [2018]
Series:Palgrave pivot.
Subjects:
Online Access:Connect to the full text of this electronic book

MARC

Tag First Indicator Second Indicator Subfields
LEADER 00000cam a2200000Ii 4500
001 in00004036621
005 20190416173916.0
006 m o d
007 cr cnu|||unuuu
008 180403s2018 sz ob 001 0 eng d
020 |a 9783319782447  |q (electronic bk.) 
020 |a 3319782444  |q (electronic bk.) 
020 |z 9783319782430 
024 8 |a 40028148541 
035 |a (NhCcYBP)EBSCO1743436 
040 |a NhCcYBP  |c NhCcYBP  |d UtOrBLW 
043 |a a-ja---  |a a-ii--- 
050 4 |a LC1091  |b .S43 2018 
072 7 |a EDU  |x 042000  |2 bisacsh 
072 7 |a EDU  |x 036000  |2 bisacsh 
072 7 |a EDU  |x 024000  |2 bisacsh 
082 0 4 |a 370.115  |2 23 
100 1 |a Sharma, Namrata,  |d 1972-  |e author.  |0 http://id.loc.gov/authorities/names/n98925881 
245 1 0 |a Value-creating global citizenship education :  |b engaging Gandhi, Makiguchi, and Ikeda as examples /  |c Namrata Sharma. 
264 1 |a Cham, Switzerland :  |b Palgrave Macmillan,  |c [2018] 
264 4 |c ©2018 
300 |a 1 online resource. 
336 |a text  |b txt  |2 rdacontent 
337 |a computer  |b c  |2 rdamedia 
338 |a online resource  |b cr  |2 rdacarrier 
490 1 |a Palgrave pivot 
588 |a Online resource; title from PDF title page (EBSCO, viewed April 5, 2018). 
504 |a Includes bibliographical references and index. 
500 |a Electronic resource. 
650 0 |a Citizenship  |x Study and teaching.  |0 http://id.loc.gov/authorities/subjects/sh2007005899 
650 0 |a Education  |z Japan  |x Philosophy.  |0 http://id.loc.gov/authorities/subjects/sh2008102783 
650 0 |a Education  |z India  |x Philosophy.  |0 http://id.loc.gov/authorities/subjects/sh2009102215 
655 7 |a Electronic books.  |2 local 
710 2 |a EBSCOhost. 
830 0 |a Palgrave pivot.  |0 http://id.loc.gov/authorities/names/no2012160523 
856 4 0 |u http://proxy.library.tamu.edu/login?url=http://search.ebscohost.com/login.aspx?direct=true&scope=site&db=nlebk&db=nlabk&AN=1743436  |z Connect to the full text of this electronic book  |t 0 
945 |a machinegen 
955 |a YBP purchased approval e-records 
980 |b 109.98  |g 1 
987 |a ybp15253031 
999 f f |s c6f068a9-b6ac-31e4-a328-6d6911187089  |i 4a686b09-9208-3fd4-ba55-5ae25ccdbfd2  |t 0 
952 f f |a Texas A&M University  |b College Station  |c Electronic Resources  |d Available Online  |t 0  |e LC1091 .S43 2018  |h Library of Congress classification 
998 f f |a LC1091 .S43 2018  |t 0  |l Available Online